Prognozirovanije žiznennogo urovnja sbornik dokladov meždunarodnoj konferencii

Enregistré dans:
Détails bibliographiques
Format: Livre
Langue:russe
Publié: Bratislava Naučno issledovatel'skij institut žiznennogo urovnja 1982
Tags: Ajouter un tag
Pas de tags, Soyez le premier à ajouter un tag!

MARC

LEADER 00000nam a2200000 4500
001 c112005
005 20041019155151.6
041 0 |a rus 
044 |a SK 
245 1 0 |a Prognozirovanije žiznennogo urovnja  |b sbornik dokladov meždunarodnoj konferencii 
264 1 |a Bratislava  |b Naučno issledovatel'skij institut žiznennogo urovnja  |c 1982 
300 |a 377 s.